Обеспечение пожарной защиты объектов частей войск национальной гвардии; Прогрессивные технологии и экономика в машиностроении

Бібліографічні деталі
Parent link:Прогрессивные технологии и экономика в машиностроении.— 2021.— [С. 27-29]
Автор: Кузьмин О. Ю.
Співавтор: Национальный исследовательский Томский политехнический университет Юргинский технологический институт
Інші автори: Родионов П. В. Павел Вадимович (научный руководитель)
Резюме:Заглавие с экрана
В статье описывается решение задач по обеспечению пожарной безопасности объектов и воинских частей ВНГ, задачи дежурной службы в случае возникновения пожара, а также функции, задачи и состав ведомственной пожарной охраны.
The article describes the solution of tasks to ensure fire safety of objects and military units in NG, the tasks of the duty service in the event of a fire, as well as the functions, tasks and composition of the departmental fire protection.
Мова:Російська
Опубліковано: 2021
Серія:Экология, безопасность и охрана труда на предприятии
Предмети:
Онлайн доступ:http://earchive.tpu.ru/handle/11683/65237
Формат: MixedMaterials Електронний ресурс Частина з книги
KOHA link:https://koha.lib.tpu.ru/cgi-bin/koha/opac-detail.pl?biblionumber=632726

MARC

LEADER 00000naa2a2200000 4500
001 632726
005 20231101133727.0
035 |a (RuTPU)RU\TPU\conf\34448 
035 |a RU\TPU\conf\34447 
090 |a 632726 
100 |a 20210423d2021 k y0rusy50 ca 
101 0 |a rus  |d eng 
102 |a RU 
105 |a y z 101zy 
135 |a drgn ---uucaa 
181 0 |a i  
182 0 |a b 
200 1 |a Обеспечение пожарной защиты объектов частей войск национальной гвардии  |f О. Ю. Кузьмин  |g науч. рук. П. В. Родионов 
203 |a Текст  |c электронный 
225 1 |a Экология, безопасность и охрана труда на предприятии 
230 |a 1 компьютерный файл (pdf; 111 Kb) 
300 |a Заглавие с экрана 
320 |a [Библиогр.: с. 29 (2 назв.)] 
330 |a В статье описывается решение задач по обеспечению пожарной безопасности объектов и воинских частей ВНГ, задачи дежурной службы в случае возникновения пожара, а также функции, задачи и состав ведомственной пожарной охраны. 
330 |a The article describes the solution of tasks to ensure fire safety of objects and military units in NG, the tasks of the duty service in the event of a fire, as well as the functions, tasks and composition of the departmental fire protection. 
463 0 |0 (RuTPU)RU\TPU\conf\34439  |t Прогрессивные технологии и экономика в машиностроении  |o сборник трудов XII Всероссийской научно-практической конференции для студентов и учащейся молодежи, 8-10 апреля 2021 г., Юрга  |f Национальный исследовательский Томский политехнический университет (ТПУ), Юргинский технологический институт (ЮТИ) ; под ред. С. А. Солодского  |v [С. 27-29]  |d 2021 
610 1 |a электронный ресурс 
610 1 |a труды учёных ТПУ 
610 1 |a алгоритмы 
610 1 |a действие 
610 1 |a пожарная защита 
610 1 |a пожарная безопасность 
610 1 |a воинские части 
610 1 |a пожарная охрана 
610 1 |a профилактика 
610 1 |a order 
610 1 |a algorithm of actions 
610 1 |a departmental fire protection 
700 1 |a Кузьмин  |b О. Ю. 
702 1 |a Родионов  |b П. В.  |c специалист в области экологии и безопасности жизнедеятельности  |c старший преподаватель Юргинский технологический институт (филиала) Томского политехнического университета  |f 1972-  |g Павел Вадимович  |2 stltpush  |4 727 
712 0 2 |a Национальный исследовательский Томский политехнический университет  |b Юргинский технологический институт  |c (2009- )  |h 349  |2 stltpush  |3 (RuTPU)RU\TPU\col\15903 
801 2 |a RU  |b 63413507  |c 20210512  |g RCR 
856 4 |u http://earchive.tpu.ru/handle/11683/65237 
942 |c BK